00626nam a2200193 i 4500003000900000005001700009007000300026008004100029040003000070082001400100100002500114245007300139264004000212300002700252336002700279337003400306338002800340500006400368DO-SdBNP20231002105448.0ta110413s2004 dr 000 j spa d aDO-SdBNPbspacBNPHUerda bL937m2221 aLuciano G., Máximo10aMonografía de nuestra historia económica /cMáximo Luciano G.  1aSanto Domingo :bCentenario,c2004. a168 páginas c21 cm. 2rdacontentatextobtxt 2rdamediaasin mediación bn 2rdacarrieravolumenbnc aIncluye datos biográficos del autor en la contraportada.